Cesta k zisku : Tajemství,která si Japonci osvojili a Američané zapomněli /

Salvato in:
Dettagli Bibliografici
Autore principale: Olenick, Arnold J (Autore)
Natura: Libro
Lingua:ceco
Pubblicazione: Praha : Grada, 1993
Tags: Aggiungi Tag
Nessun Tag, puoi essere il primo ad aggiungerne!!

MARC

LEADER 00000nam a22000003a 4500
001 stu27240
005 20150617225739.8
008 931223s1993----cs------------------cze-d
020 |a 80-85623-94-3 
040 |a STU  |b slo 
041 0 |a cze 
044 |a cs 
080 |a 658.1 
080 |a 339.138  |7 stu_us_auth*stu8219 
100 1 |a Olenick, Arnold J  |4 aut 
245 1 |a Cesta k zisku :  |b Tajemství,která si Japonci osvojili a Američané zapomněli /  |c [aut]Olenick,Arnold J 
260 |a Praha :  |b Grada,  |c 1993 
300 |a 297 s 
996 |b 284V027460  |c V*42982/O-18490  |l VVT  |s A  |a 24  |w stu27240_0001